000 00851nam a2200241 i 4500
001 172625
003 ES-MaACL
005 20250827231413.0
008 090731s2002 fr |||| | fre d
020 _a2-253-90474-0
080 _a165.72(38)
100 1 _aBrochard, Victor.
_931830
245 1 4 _aLes sceptiques grecs /
_cVictor Brochard ; présentation par Jean-François Balaudé.
260 _aParis :
_bLibrairie Générale Française,
_c2002.
300 _a440 p. ;
_c18 cm.
490 1 _aLe Livre de poche. Références ;
_v474
650 0 4 _aEscépticos.
_912356
650 0 7 _aEscepticismo
_2embne
_912353
700 1 _aBalaudé, Jean-François.
_9141131
830 0 _aLe Livre de poche. Références ;
_v474
_9223395
852 4 _aES-MaACL
_jE-12914
_9R.139300
_z. - Biblioteca Jacinto Martínez Lacalle
999 _c172625
_d172625